Les 2 meilleurs défenseurs gauche de ces grands clubs dans l'histoire - Statistiques

Statistiques générales
  • Ce quiz a été pris 45 fois
  • Le résultat moyen est 15 sur 30
Statistiques - réponses
Clubs Nationalités Joueurs % Correct
Réal Madrid Brésil Marcelo
97%
Paris Saint-Germain Portugal Nuno Mendes
95%
Manchester United France Patrice Evra
95%
FC Barcelone Espagne Jordi Alba
92%
Réal Madrid Brésil Roberto Carlos
92%
Bayern Munich France Bixente Lizarazu
90%
Paris Saint-Germain Brésil Maxwell
85%
Chelsea Angleterre Ashley Cole
82%
Arsenal Angleterre Ashley Cole
82%
Liverpool Ecosse Andrew Robertson
79%
FC Barcelone France Eric Abidal
79%
Olympique Lyonnais France Eric Abidal
79%
Manchester City Portugal Joao Cancelo
79%
Olympique de Marseille Nigéria Taye Taiwo
62%
Juventus Turin Brésil Alex Sandro
54%
AC Milan Italie Paolo Maldini
54%
Liverpool Norvège John Arne Riise
51%
Chelsea Angleterre Ben Chilwell
31%
Inter Milan Italie Federico Dimarco
28%
Borussia Dortmund Allemagne Marcel Schmelzer
28%
Olympique de Marseille France Eric Di Méco
23%
Manchester United Irlande Dennis Irwin
21%
AC Milan République Tchèque Marek Jankulovski
21%
Inter Milan Italie Giancinto Facchetti
10%
Borussia Dortmund Brésil Dêde
8%
Bayern Munich Allemagne Paul Breitner
5%
Juventus Turin Italie Antonio Cabrini
0%
Manchester City Angleterre Glyn Pardoe
0%
Arsenal Angleterre Nigel Winterburn
0%
Olympique Lyonnais France Raymond Domenech
0%
Aucun quiz correspondant
Distribution des résultats
% des personnes avec chaque résultat
Percentile par nombre de réponses
Votre historique - résultats
Vous n’avez pas pris ce quiz